| 000 | 00969nas a2200325 4500 | ||
|---|---|---|---|
| 001 | BR9207714 | ||
| 003 | BR-BrBNA | ||
| 005 | 20231205093033.0 | ||
| 007 | ta | ||
| 008 | 230509b bl.|||p| |||| 00| 00por d | ||
| 040 |
_aBR-BrBNA _bpor _cBiblioteca Nacional de Agricultura |
||
| 041 | _a(Pt) | ||
| 072 | _aL53 | ||
| 100 | 1 | _aToledo, L.F.A. | |
| 100 | 1 | _aForesti, F. | |
| 100 | 1 | _aRamos, S.M. | |
| 100 | 1 | _aOrmanezi, R. | |
| 100 | 1 | _aCarolsfeld, V.J.S. | |
| 100 | 1 | _aToledo Filho, S.A. | |
| 245 | 1 | _aEstudos citogeneticos de hibridos entre femeas de pacu (Piaractus mesopotamicus)e machos de tambaqui (Colossoma macropomum) | |
| 650 | _aPACU | ||
| 650 | _aTAMBAQUI | ||
| 650 | _aSEXO | ||
| 650 | _aHIBRIDACAO | ||
| 650 | _aCRUZAMENTO | ||
| 650 | _aREPRODUCAO ANIMAL | ||
| 773 | 0 |
_tBoletim Tecnico do CEPTA (Brazil) _xISSN 0103-1112 _g(Jul-Dec 1988), v. 1(2) p. 11-17 _wBR9207714 |
|
| 909 |
_a202311 _bLúcia _c55 _dLúcia Elande |
||
| 942 |
_2AGRIS _n0 _cANA |
||
| 999 |
_c135798 _d135798 |
||